Organization of communities : past and present /

Bibliographic Details
Corporate Author: British Ecological Society. Symposium
Other Authors: Gee, John H. R., Giller, Paul S.
Format: Book
Language:English
Published: Oxford [Oxfordshire] ; Boston : Published for the British Ecological Society by Blackwell Scientific Publications, 1987.
Subjects:

MARC

Tag First Indicator Second Indicator Subfields
LEADER 00000cam a2200000 a 4500
001 in00000032141
005 20151007055046.0
008 870323s1987 enka b 10110 eng
010 |a  87009344  
020 |a 0632021438 (pbk.) 
020 |a 063201783X (hard) 
035 |a (OCoLC)15489869 
035 |9 AAB7107AM 
040 |a DLC  |c DLC  |d TXA  |d UtOrBLW 
049 |a TXAM  |c [A11504323] 
050 0 0 |a QH540  |b .B75 1986 
082 0 |a 574.5/247  |2 19 
110 2 |a British Ecological Society.  |b Symposium  |n (27th :  |d 1986 :  |c Aberystwyth, Dyfed) 
245 1 0 |a Organization of communities :  |b past and present /  |c the 27th Symposium of the British Ecological Society, Aberystwyth, 1986 ; edited by J.H.R. Gee, P.S. Giller. 
264 1 |a Oxford [Oxfordshire] ;  |a Boston :  |b Published for the British Ecological Society by Blackwell Scientific Publications,  |c 1987. 
300 |a xii, 576 pages :  |b illustrations ;  |c 24 cm. 
336 |a text  |b txt  |2 rdacontent 
337 |a unmediated  |b n  |2 rdamedia 
338 |a volume  |b nc  |2 rdacarrier 
504 |a Includes bibliographies and indexes. 
650 0 |a Biotic communities  |v Congresses. 
700 1 |a Gee, John H. R. 
700 1 |a Giller, Paul S. 
999 |a MARS 
999 f f |s 4aa6eeee-0143-32ef-87aa-c3308eed91b5  |i 6626f5c9-4588-3a5a-8994-b8aeb6f09088  |t 0 
952 f f |p ric  |a Texas A&M University  |b Rellis Campus  |c Joint Library Facility  |d Remote Storage  |t 0  |e QH540 .B75 1986  |h Library of Congress classification  |i unmediated -- volume  |m A14811504323 
998 f f |a QH540 .B75 1986  |t 0  |l Remote Storage